000
00351nam a2200133Ia 4500
008
151001s9999||||xx |||||||||||||| ||und||
100
_a
baker carlas
245
2
_a
A Friend in power
250
_a
1
260
_b
Fawcett pub.
260
_c
1965
300
_a
127
365
_b
7
999
_c
954280
_d
954277